Distritos da Bahia em um Mapa - Statistics

Estatísticas Gerais
  • Esse quiz foi jogado 144 vezes
  • A pontuação média é 51 de 854
Respostas no mapa
Respostas codificadas por cores de uma escala verde-vermelha no mapa do quiz de acordo com a % correta abaixo.
 
Estatísticas das Respostas
Município Distrito % Correto
Salvador Salvador
78%
Feira de Santana Feira de Santana
56%
Porto Seguro Porto Seguro
49%
Ilhéus Ilhéus
48%
Vitória da Conquista Vitória da Conquista
46%
Barreiras Barreiras
45%
Juazeiro Juazeiro
45%
Camaçari Camaçari
43%
Lauro de Freitas Lauro de Freitas
40%
Bom Jesus da Lapa Bom Jesus da Lapa
39%
Xique-Xique Xique-Xique
39%
Itabuna Itabuna
37%
Jequié Jequié
35%
Alagoinhas Alagoinhas
32%
Barra Barra
31%
Luís Eduardo Magalhães Luís Eduardo Magalhães
31%
Teixeira de Freitas Teixeira de Freitas
31%
Valença Valença
29%
São Domingos Santo Antônio
28%
Santo Antônio de Jesus Santo Antônio de Jesus
28%
Senhor do Bonfim Senhor do Bonfim
28%
Brumado Brumado
27%
Itacaré Itacaré
27%
Itaparica Itaparica
26%
Itapé Itapé
26%
Lençóis Lençóis
26%
Jacobina Jacobina
25%
Paulo Afonso Paulo Afonso
25%
Belmonte Belmonte
24%
Irecê Irecê
24%
Prado Prado
24%
Alcobaça São José
24%
Serrinha Serrinha
24%
Porto Seguro Trancoso
24%
Candeias Candeias
23%
Eunápolis Eunápolis
23%
Antônio Cardoso Poço
23%
Santaluz Santaluz
23%
Una Una
23%
Canavieiras Canavieiras
22%
Conceição do Coité Conceição do Coité
22%
Conde Conde
22%
Correntina Correntina
22%
Cruz das Almas Cruz das Almas
22%
Mata de São João Mata de São João
22%
Mucuri Mucuri
22%
Santo Amaro Santo Amaro
22%
Cocos Cocos
21%
Morro do Chapéu Morro do Chapéu
21%
Palmeiras Palmeiras
21%
São Desidério São Desidério
21%
Vera Cruz Vera Cruz
21%
Nova Viçosa Nova Viçosa
20%
Seabra Seabra
20%
Canudos | Mulungu do Morro Canudos
19%
Catu Catu
19%
Euclides da Cunha Euclides da Cunha
19%
Itapetinga Itapetinga
19%
Malhada Malhada
19%
Santa Cruz Cabrália Santa Cruz Cabrália
19%
Santana Santana
19%
Conceição do Coité São João
19%
Cachoeira Cachoeira
18%
Cairu Cairu
18%
Porto Seguro Caraíva
18%
Caravelas Caravelas
18%
Ipirá Ipirá
18%
Laje Laje
18%
Nilo Peçanha Nilo Peçanha
18%
Pau Brasil Pau Brasil
18%
Santa Maria da Vitória Santa Maria da Vitória
18%
Simões Filho Simões Filho
18%
Sobradinho Sobradinho
18%
América Dourada | Belo Campo Belo Campo
17%
Dias d'Ávila Dias d'Ávila
17%
Formosa do Rio Preto Formosa do Rio Preto
17%
Itambé Itambé
17%
Jussara Jussara
17%
Maraú Maraú
17%
Presidente Dutra Presidente Dutra
17%
Remanso Remanso
17%
Macajuba | Santa Luzia Santa Luzia
17%
São Félix São Félix
17%
Tucano Tucano
17%
Abaíra Abaíra
16%
Campo Formoso | Presidente Dutra Campo Formoso
16%
Cândido Sales Cândido Sales
16%
Cordeiros Cordeiros
16%
Esplanada Esplanada
16%
Itapebi Itapebi
16%
Milagres Milagres
16%
Nazaré Nazaré
16%
Novo Horizonte Novo Horizonte
16%
Queimadas Queimadas
16%
Santa Bárbara Santa Bárbara
16%
São Domingos São Domingos
16%
Amélia Rodrigues Amélia Rodrigues
15%
Caetanos Caetanos
15%
Castro Alves Castro Alves
15%
Curaçá Curaçá
15%
Encruzilhada Encruzilhada
15%
Fátima Fátima
15%
Guanambi Guanambi
15%
Ibicuí Ibicuí
15%
Itanhém Itanhém
15%
Iuiu Iuiu
15%
Livramento de Nossa Senhora Livramento de Nossa Senhora
15%
Macaúbas Macaúbas
15%
Mirante Mirante
15%
Paramirim Paramirim
15%
Presidente Jânio Quadros Presidente Jânio Quadros
15%
Ribeira do Pombal Ribeira do Pombal
15%
Santa Rita de Cássia | Valente Santa Rita de Cássia
15%
São Gabriel São Gabriel
15%
Sento Sé Sento Sé
15%
Água Fria Água Fria
14%
Caraíbas Caraíbas
14%
Casa Nova Casa Nova
14%
Irecê Conquista
14%
Entre Rios Entre Rios
14%
Itaberaba Itaberaba
14%
Jaborandi Jaborandi
14%
Jaguaripe Jaguaripe
14%
Pilão Arcado Pilão Arcado
14%
Riachão das Neves Riachão das Neves
14%
Vitória da Conquista São Sebastião
14%
Alcobaça Alcobaça
13%
Andaraí Andaraí
13%
Bonito Bonito
13%
Caetité Caetité
13%
Candeal Candeal
13%
Cotegipe Cotegipe
13%
Glória Glória
13%
Jandaíra Jandaíra
13%
Lajedão Lajedão
13%
Madre de Deus Madre de Deus
13%
Mansidão Mansidão
13%
Maragogipe Maragogipe
13%
Mascote Mascote
13%
Nova Canaã Nova Canaã
13%
Nova Redenção Nova Redenção
13%
Pé de Serra Pé de Serra
13%
Piatã Piatã
13%
Presidente Tancredo Neves Presidente Tancredo Neves
13%
Ruy Barbosa Ruy Barbosa
13%
Serra do Ramalho Serra do Ramalho
13%
Uauá Uauá
13%
Vereda Vereda
13%
Amargosa Amargosa
12%
Anagé Anagé
12%
Araci Araci
12%
Buritirama Buritirama
12%
Vitória da Conquista Iguá
12%
Monte Santo Monte Santo
12%
Mucugê Mucugê
12%
Nova Fátima Nova Fátima
12%
Pindaí Pindaí
12%
Santa Inês Santa Inês
12%
Uruçuca | Valença Serra Grande
12%
Serra Preta Serra Preta
12%
Ubatã Ubatã
12%
Wagner Wagner
12%
Wenceslau Guimarães Wenceslau Guimarães
12%
Porto Seguro Arraial D'Ajuda
11%
Gavião Gavião
11%
Guaratinga Guaratinga
11%
Heliópolis Heliópolis
11%
Abaré Ibó
11%
Cândido Sales | Ibipeba Lagoa Grande
11%
Lajedinho Lajedinho
11%
Mairi Mairi
11%
Medeiros Neto Medeiros Neto
11%
Mundo Novo Mundo Novo
11%
Nova Soure Nova Soure
11%
Jaguarari Pilar
11%
Poções Poções
11%
Santa Brígida Santa Brígida
11%
São Felipe São Felipe
11%
Casa Nova Sobrado
11%
Taperoá Taperoá
11%
Wanderley Wanderley
11%
Abaré Abaré
10%
Andorinha Andorinha
10%
Campo Alegre de Lourdes Campo Alegre de Lourdes
10%
Ibotirama Ibotirama
10%
Itamari Itamari
10%
Novo Triunfo Novo Triunfo
10%
Planalto Planalto
10%
Ribeirão do Largo Ribeirão do Largo
10%
Rio de Contas Rio de Contas
10%
Santa Cruz da Vitória Santa Cruz da Vitória
10%
São Francisco do Conde São Francisco do Conde
10%
Várzea Nova Várzea Nova
10%
Aracatu Aracatu
9%
Barra do Choça Barra Nova
9%
Barrocas Barrocas
9%
Barro Preto Barro Preto
9%
Maragogipe Coqueiros
9%
Ibititá Feira Nova
9%
Ibipeba Ibipeba
9%
Itabela Itabela
9%
Itamaraju Itamaraju
9%
Itororó Itati
9%
Guanambi Morrinhos
9%
Paratinga Paratinga
9%
Pedro Alexandre Pedro Alexandre
9%
Rio Real Rio Real
9%
Santa Terezinha Santa Terezinha
9%
Uruçuca Uruçuca
9%
Valente Valente
9%
América Dourada América Dourada
8%
Barra do Choça Barra do Choça
8%
Riachão do Jacuípe Barreiros
8%
Camacan Camacan
8%
Cipó Cipó
8%
Ibirapuã Ibirapuã
8%
Maracás Maracás
8%
Macajuba Nova Cruz
8%
Piraí do Norte Piraí do Norte
8%
Riacho de Santana Riacho de Santana
8%
Nilo Peçanha São Benedito
8%
Serra Dourada Serra Dourada
8%
Serrolândia Serrolândia
8%
Barra da Estiva Barra da Estiva
7%
Barra do Mendes Barra do Mendes
7%
Cafarnaum Cafarnaum
7%
Camamu Camamu
7%
Malhada | Mirangaba Canabrava
7%
Coribe Coribe
7%
Firmino Alves Firmino Alves
7%
Maragogipe Guaí
7%
Rio do Antônio Ibitira
7%
Ibititá Ibititá
7%
Senhor do Bonfim Igara
7%
Ipiaú Ipiaú
7%
Itororó Itororó
7%
Ituaçu Ituaçu
7%
Riachão do Jacuípe Riachão do Jacuípe
7%
Coaraci São Roque
7%
Saúde Saúde
7%
Camaçari Abrantes
6%
Mairi Angico
6%
Boquira Boquira
6%
Brotas de Macaúbas Brotas de Macaúbas
6%
Caatiba Caatiba
6%
Caculé Caculé
6%
Cansanção Cansanção
6%
Capim Grosso Capim Grosso
6%
Conceição do Almeida Comércio
6%
Bom Jesus da Lapa Formoso
6%
Gandu Gandu
6%
Ibiassucê Ibiassucê
6%
Mucuri Itabatã
6%
Itagi Itagi
6%
Jaguaquara Jaguaquara
6%
Camaçari Monte Gordo
6%
Mortugaba Mortugaba
6%
Nordestina Nordestina
6%
Ilhéus Olivença
6%
Remanso Poços
6%
Pojuca Pojuca
6%
Saubara Saubara
6%
Catu Sítio Novo
6%
Terra Nova Terra Nova
6%
Ubaitaba Ubaitaba
6%
Urandi Urandi
6%
Quijingue Algodões
5%
Almadina Almadina
5%
Angical | Irecê Angical
5%
Conceição do Coité Aroeira
5%
Aurelino Leal Aurelino Leal
5%
Boa Nova Boa Nova
5%
Bom Jesus da Serra Bom Jesus da Serra
5%
Brejões Brejões
5%
Brejolândia Brejolândia
5%
Piatã Cabrália
5%
Carinhanha Carinhanha
5%
Cícero Dantas Cícero Dantas
5%
Cristópolis Cristópolis
5%
Prado Cumuruxatiba
5%
Floresta Azul Floresta Azul
5%
Cairu Gamboa
5%
Gentio do Ouro Gentio do Ouro
5%
Governador Mangabeira Governador Mangabeira
5%
Valença Guaibim
5%
Iramaia Iramaia
5%
Ituberá Ituberá
5%
Terra Nova Jacu
5%
Feira de Santana Jaguara
5%
Jaguarari Jaguarari
5%
João Dourado João Dourado
5%
Jacobina | Juazeiro Junco
5%
Lapão Lapão
5%
Malhada de Pedras Malhada de Pedras
5%
Jandaíra Mangue Seco
5%
Vera Cruz Mar Grande
5%
Oliveira dos Brejinhos Oliveira dos Brejinhos
5%
Palmas de Monte Alto Palmas de Monte Alto
5%
Pindobaçu Pindobaçu
5%
Sento Sé Piri
5%
Rodelas Rodelas
5%
Correntina Rosário
5%
Salinas da Margarida Salinas da Margarida
5%
Tanhaçu Tanhaçu
5%
Tanquinho Tanquinho
5%
Senhor do Bonfim Tijuaçu
5%
Tremedal Tremedal
5%
Santo Amaro Acupe
4%
Antas Antas
4%
Baianópolis Baianópolis
4%
Barro Alto Barro Alto
4%
Curaçá Barro Vermelho
4%
Itanhém Batinga
4%
Boninal Boninal
4%
Novo Horizonte Brejo Luiza de Brito
4%
Buerarema Buerarema
4%
Caém Caém
4%
Rafael Jambeiro Cajueiro
4%
Cafarnaum Canal
4%
Canarana Canarana
4%
Senhor do Bonfim Carrapichel
4%
Central Central
4%
Una Comandatuba
4%
Conceição do Almeida Conceição do Almeida
4%
Condeúba Condeúba
4%
Coração de Maria Coração de Maria
4%
Crisópolis Crisópolis
4%
Dom Basílio Dom Basílio
4%
Feira da Mata Feira da Mata
4%
Filadélfia Filadélfia
4%
Jequié Florestal
4%
Sítio do Mato Gameleira da Lapa
4%
Feira de Santana Humildes
4%
Ibicaraí Ibicaraí
4%
Ibicoara Ibicoara
4%
Ibitiara Ibitiara
4%
Igaporã Igaporã
4%
Andaraí Igatu
4%
Iguaí Iguaí
4%
Inhambupe Inhambupe
4%
Vitória da Conquista Inhobim
4%
Ipupiara Ipupiara
4%
Iraquara Iraquara
4%
Jacobina Itaitu
4%
Itaju do Colônia Itaju do Colônia
4%
Irecê | Itapicuru Itapicuru
4%
Jeremoabo Jeremoabo
4%
Jiquiriçá Jiquiriçá
4%
Jussiape Jussiape
4%
Maetinga Maetinga
4%
Maiquinique Maiquinique
4%
Sebastião Laranjeiras Mandiroba
4%
Manoel Vitorino Manoel Vitorino
4%
Miguel Calmon Miguel Calmon
4%
Muritiba Muritiba
4%
Guanambi Mutãs
4%
Mutuípe Mutuípe
4%
Ourolândia Ourolândia
4%
Pintadas Pintadas
4%
Piripá Piripá
4%
Ponto Novo Ponto Novo
4%
Quijingue Quijingue
4%
Quixabeira Quixabeira
4%
Rafael Jambeiro Rafael Jambeiro
4%
Coração de Maria Retiro
4%
Retirolândia Retirolândia
4%
Rio do Antônio Rio do Antônio
4%
São Félix do Coribe São Félix do Coribe
4%
São José da Vitória São José da Vitória
4%
São Miguel das Matas São Miguel das Matas
4%
Sapeaçu Sapeaçu
4%
Sítio do Mato Sítio do Mato
4%
Uibaí Uibaí
4%
Utinga Utinga
4%
Pindobaçu Várzea Grande
4%
Juazeiro Abóbora
3%
Acajutiba Acajutiba
3%
Adustina Adustina
3%
Aiquara Aiquara
3%
Antônio Gonçalves Antônio Gonçalves
3%
Aporá Aporá
3%
Apuarema Apuarema
3%
Araçás Araçás
3%
Jequié Baixão
3%
Barra do Rocha Barra do Rocha
3%
Vitória da Conquista Bate-Pé
3%
Biritinga Biritinga
3%
Cabaceiras do Paraguaçu Cabaceiras do Paraguaçu
3%
Palmeiras Caeté-Açu
3%
Caetanos | Uauá Caldeirão
3%
Caldeirão Grande Caldeirão Grande
3%
Canápolis Canápolis
3%
Candiba Candiba
3%
Capela do Alto Alegre Capela do Alto Alegre
3%
Jussiape Caraguataí
3%
Cardeal da Silva Cardeal da Silva
3%
Juazeiro Carnaíba do Sertão
3%
Caturama Caturama
3%
Coronel João Sá Coronel João Sá
3%
Dom Macedo Costa Dom Macedo Costa
3%
Elísio Medrado Elísio Medrado
3%
Ubaitaba Faisqueira
3%
Gongogi Gongogi
3%
Iaçu Iaçu
3%
Itanhém Ibirajá
3%
Ibirapitanga Ibirapitanga
3%
Ichu Ichu
3%
Irajuba Irajuba
3%
Irará Irará
3%
Itaeté Itaeté
3%
Itagibá Itagibá
3%
Itagimirim Itagimirim
3%
Itaguaçu da Bahia Itaguaçu da Bahia
3%
Nova Canaã Itajaí
3%
Coaraci | Juazeiro Itamotinga
3%
Itiruçu Itiruçu
3%
Itiúba Itiúba
3%
São Sebastião do Passé Jacuípe
3%
Jitaúna Jitaúna
3%
Vitória da Conquista José Gonçalves
3%
Jaguarari Juacema
3%
Jucuruçu Jucuruçu
3%
Juazeiro Juremal
3%
Jussari Jussari
3%
Lagoa Real Lagoa Real
3%
Lamarão Lamarão
3%
Licínio de Almeida Licínio de Almeida
3%
Macarani Macarani
3%
Juazeiro Maniçoba
3%
Aratuípe Maragogipinho
3%
Juazeiro Massaroca
3%
Matina Matina
3%
Jequié Monte Branco
3%
Morpará Morpará
3%
Muniz Ferreira Muniz Ferreira
3%
Muquém do São Francisco Muquém do São Francisco
3%
Jequié Oriente Novo
3%
Ouriçangas Ouriçangas
3%
Rafael Jambeiro Paraguassú
3%
Água Fria Pataíba
3%
Candiba Pilões
3%
Juazeiro Pinhões
3%
Santana Porto Novo
3%
Nova Viçosa Posto da Mata
3%
Vitória da Conquista Pradoso
3%
Rio do Pires Rio do Pires
3%
Santo Estêvão Santo Estêvão
3%
Vitória da Conquista São João da Vitória
3%
Mascote São João do Paraíso
3%
São Sebastião do Passé São Sebastião do Passé
3%
Sátiro Dias Sátiro Dias
3%
Sítio do Quinto Sítio do Quinto
3%
Souto Soares Souto Soares
3%
Tanhaçu Sussuarana
3%
Tabocas do Brejo Velho Tabocas do Brejo Velho
3%
Teofilândia Teofilândia
3%
Várzea do Poço Várzea do Poço
3%
Varzedo Varzedo
3%
Anguera Anguera
2%
Antônio Cardoso Antônio Cardoso
2%
Aramari Aramari
2%
Arataca Arataca
2%
Aratuípe Aratuípe
2%
Baixa Grande Baixa Grande
2%
Seabra Baraúnas
2%
Jequié Boaçu
2%
Santanópolis Boa Espera
2%
Boa Vista do Tupim Boa Vista do Tupim
2%
Oliveira dos Brejinhos Bom Sossego
2%
Botuporã Botuporã
2%
Vera Cruz Cacha Pregos
2%
Ibicoara Cascavel
2%
Catolândia Catolândia
2%
Guanambi Ceraíma
2%
Vitória da Conquista Cercadinho
2%
Chorrochó Chorrochó
2%
Coaraci Coaraci
2%
Una Colônia
2%
Conceição do Jacuípe Conceição do Jacuípe
2%
Contendas do Sincorá Contendas do Sincorá
2%
Vitória da Conquista Dantilândia
2%
Dário Meira Dário Meira
2%
Érico Cardoso Érico Cardoso
2%
Valença Guerém
2%
Mucugê Guiné
2%
Maraú Ibiaçu
2%
Ipupiara Ibipetum
2%
Ibipitanga Ibipitanga
2%
Ibiquera Ibiquera
2%
Ibirataia Ibirataia
2%
Jequié Itaibó
2%
Itajuípe Itajuípe
2%
Jequié Itajuru
2%
Itanagra Itanagra
2%
Itapitanga Itapitanga
2%
Muritiba Itaporã
2%
Itaquara Itaquara
2%
Itarantim Itarantim
2%
Itatim Itatim
2%
Jacaraci Jacaraci
2%
Ilhéus Japu
2%
Lafaiete Coutinho Lafaiete Coutinho
2%
Barro Alto Lagoa Funda
2%
Tremedal Lagoa Preta
2%
Itapicuru Lagoa Redonda
2%
Lajedo do Tabocal Lajedo do Tabocal
2%
Macururé Macururé
2%
Marcionílio Souza Marcionílio Souza
2%
Valença Maricoabo
2%
Feira de Santana Matinha
2%
Ibipeba Mirorós
2%
Mulungu do Morro Mulungu do Morro
2%
Nova Itarana Nova Itarana
2%
Muniz Ferreira Onha
2%
Canavieiras Ouricana
2%
Paripiranga Paripiranga
2%
Curaçá Patamuté
2%
Santaluz Pereira
2%
Gentio do Ouro Pituba
2%
Curaçá Poço de Fora
2%
Potiraguá Potiraguá
2%
Morpará Quixaba
2%
Alagoinhas Riacho da Guia
2%
Curaçá Riacho Seco
2%
Ribeira do Amparo Ribeira do Amparo
2%
Santanópolis Santanópolis
2%
Cachoeira Santiago do Iguape
2%
Gentio do Ouro Santo Inácio
2%
São Gonçalo dos Campos São Gonçalo dos Campos
2%
São José do Jacuípe São José do Jacuípe
2%
Maragogipe São Roque do Paraguaçu
2%
Sebastião Laranjeiras Sebastião Laranjeiras
2%
Castro Alves Sítio do Meio
2%
Licínio de Almeida Tauape
2%
Teodoro Sampaio Teodoro Sampaio
2%
Teolândia Teolândia
2%
Feira de Santana Tiquaruçu
2%
Andaraí Ubiraitá
2%
Umburanas Umburanas
2%
Porto Seguro Vale Verde
2%
Várzea da Roça Várzea da Roça
2%
Caraíbas Vila Mariana
2%
Mata de São João Açu da Torre
1%
Ibicuí Água Doce
1%
Paratinga Águas do Paulista
1%
Rafael Jambeiro Argoim
1%
Nova Viçosa Argolo
1%
Euclides da Cunha Aribicé
1%
Mansidão Aroeiras
1%
Pindobaçu Bananeiras
1%
Conceição do Coité Bandiaçu
1%
Banzaê Banzaê
1%
Alagoinhas Boa União
1%
Saubara Bom Jesus dos Pobres
1%
Caetité Brejinho das Ametistas
1%
Guaratinga Buranhém
1%
Vitória da Conquista Cabeceira da Jiboia
1%
Saubara Cabuçu
1%
Euclides da Cunha Caimbé
1%
Itapebi Caiubi
1%
Jaguaripe Camassandi
1%
Santo Amaro Campinhos
1%
Laje Capão
1%
Manoel Vitorino Catingal
1%
Queimadas Coronel João Borges
1%
Amargosa Corta Mão
1%
Cravolândia Cravolândia
1%
Brumado Cristalândia
1%
Amargosa Diógenes Sampaio
1%
Palmas de Monte Alto Espraiado
1%
Bom Jesus da Lapa Favelândia
1%
Piritiba França
1%
Cairu Galeão
1%
São Gabriel Gameleira do Jacaré
1%
Guajeru Guajeru
1%
Potiraguá Gurupá Mirim
1%
Nova Viçosa Helvécia
1%
Entre Rios Ibatuí
1%
Rio do Pires Ibiajara
1%
Morro do Chapéu Icó
1%
Igrapiúna Igrapiúna
1%
Mundo Novo Indaí
1%
Ipecaetá Ipecaetá
1%
Iraquara Iraporanga
1%
Amargosa Itachama
1%
Firmino Alves Itaiá
1%
Aporá Itamira
1%
Miguel Calmon Itapura
1%
Brumado Itaquaraí
1%
Feira de Santana Jaíba
1%
Vera Cruz Jiribatuba
1%
Piritiba Largo
1%
Planalto Lucaia
1%
Macajuba Macajuba
1%
Santa Rita de Cássia Malhada Grande
1%
Caetité Maniaçu
1%
Feira de Santana Maria Quitéria
1%
Euclides da Cunha Massacará
1%
São Francisco do Conde Mataripe
1%
Pojuca Miranga
1%
Mirangaba Mirangaba
1%
Ibitiara Mocambo
1%
Elísio Medrado Monte Cruzeiro
1%
São Francisco do Conde Monte Recôncavo
1%
Nova Ibiá Nova Ibiá
1%
Olindina Olindina
1%
Brotas de Macaúbas Ouricuri do Ouro
1%
São Félix Outeiro Redondo
1%
Pedrão Pedrão
1%
Una Pedras de Una
1%
Campo Alegre de Lourdes Peixe
1%
Mascote Pimenta
1%
Piritiba Piritiba
1%
Planaltino Planaltino
1%
Caravelas Ponta da Areia
1%
Canavieiras Poxim do Sul
1%
Jussara Queimada Nova
1%
Palmas de Monte Alto Rancho das Mães
1%
Itororó Rio do Meio
1%
Terra Nova Rio Fundo
1%
Tucano Rua Nova
1%
Conceição do Coité Salgadália
1%
Itapicuru Sambaíba
1%
Camacan São João do Panelinha
1%
São Gonçalo dos Campos Sergi
1%
Entre Rios Subaúma
1%
Itacaré Taboquinhas
1%
Morro do Chapéu Tamboril
1%
Tanque Novo Tanque Novo
1%
Tapiramutá Tapiramutá
1%
Mucuri Taquarinha
1%
Mascote Teixeira do Progresso
1%
Ubaíra Ubaíra
1%
Brumado Ubiraçaba
1%
Valente Valilândia
1%
Cairu Velha Boipeba
1%
Vitória da Conquista Veredinha
1%
Una Vila Brasil
1%
Jandaíra Abadia
0%
Santa Maria da Vitória Açudina
0%
São Gonçalo dos Campos Afligidos
0%
Lençóis Afrânio Peixoto
0%
Bom Jesus da Serra Água Bela
0%
Ourolândia Alagadiço
0%
Caetanos | Condeúba Alegre
0%
Ibirataia Algodão
0%
Mundo Novo Alto Bonito
0%
Mata de São João Amado Bahia
0%
Sento Sé Amaniú
0%
Sento Sé Américo Alves
0%
Barra do Mendes Antari
0%
Rio de Contas Arapiranga
0%
Ilhéus Aritaguá
0%
Sapeaçu Baixa do Palmeira
0%
Ubaíra Baixinha
0%
Pilão Arcado Baluarte
0%
Ilhéus Banco Central
0%
Ilhéus Banco do Pedro
0%
Itajuípe Bandeira do Almada
0%
Itapetinga Bandeira do Colônia
0%
Camamu Barcelos do Sul
0%
Carinhanha Barra da Parateca
0%
Boninal Bastião
0%
Canudos Bedengó
0%
Catu Bela Flor
0%
Cachoeira Belém da Cachoeira
0%
Casa Nova Bem-Bom
0%
Irará Bento Simões
0%
Ibotirama Boa Vista do Lagamar
0%
Belmonte Boca do Córrego
0%
Feira de Santana Bonfim da Feira
0%
Ipirá Bonfim de Ipirá
0%
Riacho de Santana Botuquara
0%
Pilão Arcado Brejo da Serra
0%
Boa Vista do Tupim Brejo Novo
0%
Boquira Bucuituba
0%
Teodoro Sampaio Buracica
0%
Crisópolis Buril
0%
Jacobina Caatinga do Moura
0%
Candeias Caboto
0%
Teixeira de Freitas Cachoeira do Mato
0%
Sento Sé Cajuí
0%
Caetité Caldeiras
0%
Morro do Chapéu Camirim
0%
Taperoá Camurugi
0%
Paramirim Canabravinha
0%
Macaúbas Canatiba
0%
Jeremoabo Canché
0%
Ibititá Canoão
0%
Contendas do Sincorá Caraibuna
0%
São Felipe Caraípe
0%
Riachão das Neves Cariparé
0%
Pindobaçu Carnaíba de Baixo
0%
Candeias Caroba
0%
Ilhéus Castelo Novo
0%
Abaíra Catolés
0%
Itambé Catolezinho
0%
Ipecaetá Cavunge
0%
Souto Soares Cisterna
0%
Conceição da Feira Conceição da Feira
0%
Paripiranga Conceição de Campinas
0%
Xique-Xique Copixaba
0%
Anagé Coquinhos
0%
Lençóis Coronel Octaviano Alves
0%
Ilhéus Coutos
0%
Castro Alves Crussai
0%
Jaguaripe Cunhangi
0%
Umburanas Delfino
0%
Coribe Descoberto
0%
Morro do Chapéu Dias Coelho
0%
Morro do Chapéu Duas Barras do Morro
0%
Ubaíra Engenheiro Franca
0%
Laje Engenheiro Pontes
0%
Gentio do Ouro Gameleira do Assuruá
0%
Cabaceiras do Paraguaçu Geolândia
0%
Feira de Santana Governador Dr. João Durval Carneiro
0%
Maragogipe Guapira
0%
Pindaí Guirapá
0%
Uibaí Hidrolândia
0%
Mundo Novo Ibiaporã
0%
Barra Ibiraba
0%
Mucuri Ibiranhém
0%
Planaltino Ibitiguira
0%
Gentio do Ouro Ibitunane
0%
Ibicuí Ibitupã
0%
Barra Igarité
0%
Iguaí Iguaibi
0%
Livramento de Nossa Senhora Iguatemi
0%
Xique-Xique Iguira
0%
Ibipeba Iguitu
0%
Ilhéus Inema
0%
Amélia Rodrigues Inhatá
0%
Santa Maria da Vitória Inhaúmas
0%
Piatã Inúbia
0%
Jaguaquara Ipiúna
0%
Oliveira dos Brejinhos Ipuçaba
0%
Jacaraci Irundiara
0%
Coração de Maria Itacava
0%
Gentio do Ouro Itajubaquara
0%
Livramento de Nossa Senhora Itanagé
0%
Jandaíra Itanhi
0%
Jacobina Itapeipu
0%
São José do Jacuípe Itatiaia do Alto Bonito
0%
Arataca Itatingui
0%
Medeiros Neto Itupeva
0%
Jaguaripe Jacuruna
0%
Itagibá Japomirim
0%
Iaçu João Amaro
0%
Mucugê João Correia
0%
Conceição do Coité Joazeiro
0%
Caravelas Juerana
0%
Cotegipe Jupaguá
0%
Marcionílio Souza Juraci
0%
Macaúbas Lagoa Clara
0%
Barro Alto Lagoa do Boi
0%
Iaçu Lajedo Alto
0%
Aurelino Leal Laje do Banco
0%
Campo Formoso Laje dos Negros
0%
São Sebastião do Passé Lamarão do Passé
0%
Casa Nova Luís Viana
0%
Teodoro Sampaio Lustosa
0%
Candeias Madeira
0%
Ipirá Malhador
0%
São Sebastião do Passé Maracangalha
0%
Rio de Contas Marcolino Moura
0%
Tabocas do Brejo Velho Mariquita
0%
Amélia Rodrigues Mata da Aliança
0%
Candeias Menino Jesus
0%
Barra do Mendes Minas do Espírito Santo
0%
Sento Sé Minas do Mimoso
0%
Angical Missão de Aricobé
0%
Belmonte Mogiquiçaba
0%
Ruy Barbosa Morro das Flores
0%
Maragogipe Nagé
0%
Ribeirão do Largo Nova Brasília
0%
Planaltino Nova Itaípe
0%
Medeiros Neto Nova Lídice
0%
Iramaia Novo Acre
0%
Mirangaba Nuguaçu
0%
Antônio Cardoso Oleiro
0%
Ibitiara Olhos d'Água do Seco
0%
Jacaraci Paiol
0%
Caetité Pajeú do Vento
0%
Esplanada Palame
0%
Itaju do Colônia Palmira
0%
Malhada Parateca
0%
Candeias Passagem dos Teixeiras
0%
Candeias Passé
0%
Casa Nova Pau a Pique
0%
Canarana Paz de Salobro
0%
Castro Alves Petim
0%
Maraú Piabanha
0%
Sento Sé Piçarrão
0%
Ilhéus Pimenteira
0%
Palmas de Monte Alto Pinga Fogo
0%
Jaguaripe Pirajuia
0%
Ubaitaba Piraúna
0%
Aurelino Leal Poço Central
0%
Piritiba Porto Feliz
0%
América Dourada Prevenido
0%
Cândido Sales Quaraçu
0%
Feira da Mata Ramalho
0%
Jussara Recife
0%
Novo Horizonte Remédios
0%
Utinga Riachão do Utinga
0%
Itarantim Ribeirão do Salto
0%
Conceição do Almeida Rio da Dona
0%
Pilão Arcado Saldanha
0%
Ilhéus Sambaituba
0%
Caravelas Santo Antônio de Barcelona
0%
Antônio Cardoso Santo Estevão Velho
0%
Cícero Dantas São João da Fortaleza
0%
Itambé São José do Colônia
0%
Esplanada São José do Mucambo
0%
Riachão das Neves São José do Rio Grande
0%
Correntina São Manoel do Norte
0%
Livramento de Nossa Senhora São Timóteo
0%
Brotas de Macaúbas Saudável
0%
Souto Soares Segrêdo
0%
Uauá Serra da Canabrava
0%
Andorinha Sítio da Baraúna
0%
São Desidério Sítio Grande
0%
América Dourada Soares
0%
Varzedo Taboleiro do Castro
0%
Cotegipe Taguá
0%
Andorinha Tanquinho do Poço
0%
Ruy Barbosa Tapiraípe
0%
Gongogi Tapirama
0%
Miguel Calmon Tapiranga
0%
Camamu Tapuia
0%
Mirangaba Taquarandi
0%
Milagres Tartaruga
0%
Ituaçu Tranqueiras
0%
Barra da Estiva Triunfo do Sincorá
0%
Seabra Várzea do Caldas
0%
Mulungu do Morro Várzea do Cerco
0%
Baianópolis Várzeas
0%
Morro do Chapéu Ventura
0%
Encruzilhada Vila do Cafe
0%
Tapiramutá Volta Grande
0%
Nenhum quiz correspondente encontrado
Distribuição das Pontuações
Porcentagem de Pessoas com Cada Pontuação
Percentil de Números Respondidos
Sua Pontuação Histórica
Você não jogou esse quiz